El cacahuate / (Record no. 27058)

MARC details
000 -LEADER
fixed length control field 00710nam a22002417a 4500
001 - CONTROL NUMBER
control field sjds
003 - CONTROL NUMBER IDENTIFIER
control field sjds
005 - DATE AND TIME OF LATEST TRANSACTION
control field 20240111183950.0
008 - FIXED-LENGTH DATA ELEMENTS--GENERAL INFORMATION
fixed length control field 220609b mx ||||| |||| 00| 0 spa d
020 ## - INTERNATIONAL STANDARD BOOK NUMBER
International Standard Book Number 9706290338
020 ## - INTERNATIONAL STANDARD BOOK NUMBER
International Standard Book Number 7509965935196
024 ## - OTHER STANDARD IDENTIFIER
Source of number or code UPC
Standard number or code 7509965935196
040 ## - CATALOGING SOURCE
Transcribing agency sjds
041 ## - LANGUAGE CODE
Language code of text/sound track or separate title spa
100 10 - MAIN ENTRY--PERSONAL NAME
Personal name Rojo, Luis
245 13 - TITLE STATEMENT
Title El cacahuate /
Statement of responsibility, etc. Luis Rojo ; ilustraciones de Yolanda Mora.
246 ## - VARYING FORM OF TITLE
Title proper/short title El cacahuate
260 ## - PUBLICATION, DISTRIBUTION, ETC. (IMPRINT)
Place of publication, distribution, etc. Mexico, D.F. :
Name of publisher, distributor, etc. Consejo Nacional para la Cultura y las Artes en coedicion con Sistemas Tecnicos de Edicion,
Date of publication, distribution, etc. 1993.
300 ## - PHYSICAL DESCRIPTION
Extent 24 pages :
Other physical details color illustrations ;
Dimensions 20 cm.
440 ## - SERIES STATEMENT/ADDED ENTRY--TITLE
Title Frutos prodigiosos
700 ## - ADDED ENTRY--PERSONAL NAME
Personal name Mora, Yolanda
942 ## - ADDED ENTRY ELEMENTS (KOHA)
Koha item type Libro/Book
Holdings
Withdrawn status Lost status Damaged status Not for loan Home library Current library Shelving location Date acquired Inventory number Total Checkouts Full call number Barcode Date last seen Date checked out Price effective from Koha item type Checked out Total Renewals
        Barbudos -- Satellite Barbudos -- Satellite   09/06/2022     JNC 35802011 09/06/2022   09/06/2022 Libro/Book    
        Capulin -- Satellite Capulin -- Satellite   09/06/2022 Inventory date: 7/7/25   JNC 35102011 09/06/2022   09/06/2022 Libro/Book    
        Genizero -- Satellite Genizero -- Satellite   08/08/2022     JNC 35601983 08/08/2022   08/08/2022 Libro/Book    
        Las Brisas 1 -- Satellite Las Brisas 1 -- Satellite   10/06/2022     JNC 40002227 10/06/2022   10/06/2022 Libro/Book    
        Las Brisas 2 -- Satellite Las Brisas 2 -- Satellite   10/06/2022 Inventory date: 7/4/25   JNC 40102260 10/06/2022   10/06/2022 Libro/Book    
        Las Marias -- Satellite Las Marias -- Satellite   10/06/2022 inventory date: 30/1/25   JNC 3600413 10/06/2022   10/06/2022 Libro/Book    
        San Juan Del Sur -- Mobile Las parcelas   09/08/2022   1   33016751 09/10/2024 31/08/2023 09/08/2022 Libro/Book    
        San Juan Del Sur -- Biblioteca San Juan Del Sur -- Biblioteca Children's Area 09/06/2022 Inventory date: 15-5-25 1 ESTANTE ESPANOL 30028859 22/08/2023 12/07/2023 09/06/2022 Libro/Book    
        San Juan Del Sur -- Mobile San Juan Del Sur -- Biblioteca   21/11/2023   2   33003673 03/04/2024 03/04/2024 21/11/2023 Libro/Book 24/04/2024 1
        San Jeronimo -- Satellite San jeronimo   09/06/2022 inventory date: 14-1-25 1 JNC 35902191 31/03/2026 31/03/2026 09/06/2022 Libro/Book 05/05/2026  
        Zaragoza -- Satellite Zaragoza -- Satellite   09/06/2022 Inventory date: 7/7/25 1 JNC 35501981 21/06/2023 27/02/2023 09/06/2022 Libro/Book    

Powered by Koha